000 00469nam a2200181Ia 4500
001 46087
008 140429s9999 xx 000 0 und d
020 _a9788188730636
040 _cPK-LaUMT
082 _aR 305.40954
_bSHA-W
100 _aSharma, Sarita
245 _aWomen's encyclopedia in 21st century
_cSharma, Sarita
260 _aJaipur,India:
_bShree Niwas Publications,
_c2010
501 _a2 vols.
546 _aEN
650 _aWomen-India
942 _cBK
999 _c44040
_d44040